| 000 | 00533nam a22001937a 4500 | ||
|---|---|---|---|
| 003 | LK-CoMWRAF | ||
| 005 | 20231107104908.0 | ||
| 008 | 231107b |||||||| |||| 00| 0 eng d | ||
| 040 |
_aLK-CoMWRAF _dLK-CoMWRAF _eLK-CoMWRAF |
||
| 041 | _aeng | ||
| 082 |
_a297.122 _bMUL |
||
| 100 | _aMaududi, S. Abdul A'La | ||
| 245 |
_aThe Meaning of the Quran : _b(Sura Yunus, Yusuf, Ar-Ra'ad, Ibrahim and Bani Isra'il) |
||
| 260 |
_aDelhi : _bMarkazi, _c2000 |
||
| 300 | _a379p | ||
| 490 | _aVolume iii | ||
| 650 | _aIslam--Quran | ||
| 942 | _cBK | ||
| 999 |
_c4061 _d4061 |
||